UBT Library

The crazy makers : (Record no. 42089)

000 -LEADER
fixed length control field 00917cam a22002414a 4500
001 - CONTROL NUMBER
control field 11875553
005 - DATE AND TIME OF LATEST TRANSACTION
control field 20180208035201.0
008 - FIXED-LENGTH DATA ELEMENTS--GENERAL INFORMATION
fixed length control field 991222s2000 nyu b 001 0 eng
010 ## - LIBRARY OF CONGRESS CONTROL NUMBER
LC control number 99045188
020 ## - INTERNATIONAL STANDARD BOOK NUMBER
International Standard Book Number 1585420352 (alk. paper)
040 ## - CATALOGING SOURCE
Original cataloging agency DLC
Transcribing agency DLC
Modifying agency DLC
041 ## - LANGUAGE CODE
Language code of text/sound track or separate title eng
042 ## - AUTHENTICATION CODE
Authentication code pcc
080 ## - UNIVERSAL DECIMAL CLASSIFICATION NUMBER
Universal Decimal Classification number 615.954 SIM
082 00 - DEWEY DECIMAL CLASSIFICATION NUMBER
Classification number 615.954 SIM
Edition number 21
100 1# - Rafti
Rafti 10
101 ## - Shkurtesa
Shkurtesa NUT
245 14 - TITLE STATEMENT
Title The crazy makers :
Statement of responsibility, etc Carol Simontacchi.
504 ## - BIBLIOGRAPHY, ETC. NOTE
Bibliography, etc Includes bibliographical references and index.
906 ## - LOCAL DATA ELEMENT F, LDF (RLIN)
a 7
b cbc
c orignew
d 1
e ocip
f 19
g y-gencatlg
942 ## - ADDED ENTRY ELEMENTS (KOHA)
Source of classification or shelving scheme
Item type Books
Holdings
Withdrawn status Lost status Source of classification or shelving scheme Damaged status Not for loan Collection code Permanent location Current location Shelving location Date acquired Total Checkouts Full call number Barcode Date last seen Price effective from Koha item type
          Koleksioni i përgjithshem UBT - Lipjan UBT - Lipjan Koleksioni i përgjithshem 02/08/2018   615.954 SIM 002-2998925 02/08/2018 02/08/2018 Books
UBT Library © 2015-2024. All rights reserved University Education for Business and Technology